Click The Modern Day Countries Of The Mongol Empire On A Map - Statistics

General Stats
  • This quiz has been taken 52 times
  • The average score is 25 of 28
Answers on the Map
Answers color-coded by a green-red scale on the quiz's map according to % correct below.
 
Answer Stats
Answer % Correct
China
95%
Mongolia
95%
North Korea
95%
South Korea
95%
Russia
93%
Afghanistan
91%
Azerbaijan
91%
Belarus
91%
Iran
91%
Iraq
91%
Turkey
91%
Ukraine
91%
India
88%
Moldova
88%
Romania
88%
Uzbekistan
88%
Georgia
86%
Kazakhstan
86%
Kyrgyzstan
86%
Pakistan
86%
Syria
86%
Vietnam
86%
Armenia
84%
Turkmenistan
84%
Myanmar
81%
Tajikistan
81%
Laos
77%
Poland
74%
No matching quizzes found
Score Distribution
Percent of People with Each Score
Percentile by Number Answered
Your Score History
You have not taken this quiz